000 00682nam a22001817a 4500
003 UA-OsUOA
001 15948
007 ta
008 20031214b un ||||| |||| 00| 0 ukr d
100 _aГомоль В.
942 _cSA
040 _aUA-OsUOA
_cUA-OsUOA
_dUA-OsUOA
245 _aМолодь за підтримку вступу до НАТО
_b[У Рівнен. обл. створено коаліцію громад. молодіж. орг. на підтримку входження України до НАТО]
300 _aС.17
955 _a0
773 0 _w0
_tСім днів
_dРівне
_d2003
_g№45/7 листоп./
650 7 _aКраєзнавча робота
_2UDC
999 _c302113
_d302113